00416nam a22001577a 450000500170000001000150001702000260003203500140005803700090007208200140008110000180009524500430011326000400015627000350019630000270023120250409123633.0 aENG-144534 a9788193077214c395.00 aEN-128066 bDBAD a346.54004 aGupta, Shipra aRule of Estoppel in Law/cShipra Gupta aDelhibMewar University Pressc2015 a4117,Naya BazarbDelhie110006 axxiii, 156p.c24cm(pb)